000 00575nam a2200193Ia 4500
003 GCL
008 140319s9999 xx 000 0 ara d
040 _aGCL /
_cGCL
082 0 4 _aق
_b910.16362
_bن ج
100 1 _aنصر السيد نصر
245 1 0 _aجغرافية مصر الزراعية (دراسة كمية كارتوجرافية) /
_cنصر السيد نصر
300 _a600 ص
490 _aكتاب
_v0
650 0 4 _aمصر
650 0 4 _aالزراعة
650 0 4 _aالجغرافيا
650 0 4 _aالجغرافيا الزراعية
942 _2ddc
_cBK
999 _c42638
_d42638